Rolling Stone's 50 Best One-Hit Wonders Of The 2000's - Statistics

General Stats
  • This quiz has been taken 57 times
  • The average score is 8 of 50
Answer Stats
Hint Answer % Correct
Teenage Dirtbag Wheatus
75%
Who Let The Dogs Out Baha Men
67%
Bad Day Daniel Powter
56%
The Reason Hoobastank
52%
I Believe In A Thing Called Love The Darkness
52%
Butterfly Crazy Town
40%
Bulletproof La Roux
38%
Jerk It Out Caesars
27%
Wherever You Will Go The Calling
27%
Lips Of An Angel Hinder
25%
Get Free The Vines
25%
Young Folks Peter, Bjorn & John
21%
Flavor Of The Weak American Hi-Fi
17%
Hit 'Em Up Style (Oops) Blu Cantrell
15%
Tipsy J Kwon
15%
Shake It Metro Station
15%
This Is Why I'm Hot MIMS
15%
Headstrong Trapt
15%
Handlebars Flobots
13%
I Love College Asher Roth
12%
Fuck It (I Don't Want You Back) Eamon
12%
My Neck, My Back (Lick It) Khia
12%
Absolutely (Story Of A Girl) Nine Days
12%
What Would You Do? City High
8%
Lip Gloss Lil Mama
8%
Oops (Oh My) Tweet ft Missy Elliott
8%
Laffy Taffy D4L
6%
Don't Think I'm Not Kandi
6%
Move Ya Body Nina Sky ft Jabba
6%
Just The Girl The Click Five
6%
I Wanna Be Bad Willa Ford
6%
Do It To It Cherish ft Sean Paul
4%
Get Over Yourself Eden's Crush
4%
Another Dumb Blonde Hoku
4%
A Bay Bay Hurricane Chris
4%
Whine Up Kat DeLuna ft Elephant Man
4%
Turn Me On Kevin Lyttle
4%
Never Leave You (Uh Oooh, Uh Oooh) Lumidee
4%
According To You Orianthi
4%
Walk It Out UNK
4%
Girlfight Brooke Valentine
2%
Combination Pizza Hut & Taco Bell Das Racist
2%
Ice Cream Paint Job Dorrough
2%
My Baby Lil Romeo
2%
Heaven Los Lonely Boys
2%
Girl Next Door Saving Jane
2%
I Do!! Toya
2%
Addictive Truth Hurts ft Rakim
2%
Delirious Vistoso Bosses
2%
Chicken Noodle Soup Webstar & Young B ft The Voice Of Harlem
2%
No matching quizzes found
Score Distribution
Percent of People with Each Score
Percentile by Number Answered
Your Score History
You have not taken this quiz